[Event "Romulus (RVO/5/3)"]
[Site "?"]
[Date "1994.??.??"]
[Round "?"]
[White "Drysdale, Gilbert"]
[Black "Vandivier, Don"]
[Result "1-0"]
[WhiteElo "1755"]
[BlackElo "1985"]
[PlyCount "49"]
[EventDate "1994.??.??"]

{5/(3)} 1. c4 Nf6 2. Nc3 c5 3. Nf3 g6 4. g3 Bg7 5. Bg2 Nc6 6. O-O d6 7. d4 cxd4
8. Nxd4 Bd7 9. Nxc6 bxc6 10. Qd2 Qc8 11. Rd1 Bh3 12. Bh1 h5 13. Qd4 h4 14. Ne4
hxg3 15. hxg3 Bf1 16. Ng5 Bxe2 17. Re1 Bh6 18. Rxe2 Bxg5 19. Bxg5 Rxh1+ 20.
Kxh1 Qh3+ 21. Kg1 Ng4 22. Rxe7+ Kf8 23. Rae1 Rb8 24. b3 Ne5 25. R7xe5 1-0

[Event "Eastpointe (US Am N/3/20)"]
[Site "?"]
[Date "1994.??.??"]
[Round "?"]
[White "Drysdale, Gilbert"]
[Black "Troupe, D."]
[Result "1-0"]
[WhiteElo "1740"]
[BlackElo "1605"]
[PlyCount "35"]
[EventDate "1994.??.??"]

{3/(20)} 1. c4 d5 2. cxd5 Qxd5 3. Nc3 Qd8 4. Nf3 Bg4 5. Qb3 b6 6. Ng5 e6 7.
Qa4+ Nd7 8. Qxg4 Ngf6 9. Qa4 h6 10. Nf3 Bd6 11. d4 O-O 12. e4 e5 13. Be2 Re8
14. d5 Nc5 15. Qc2 Qd7 16. O-O c6 17. dxc6 Qxc6 18. Bb5 1-0

[Event "Grand Rapids (MI Am/4/3)"]
[Site "?"]
[Date "1994.??.??"]
[Round "?"]
[White "Drysdale, Gilbert"]
[Black "Townsend, Paul"]
[Result "0-1"]
[WhiteElo "1740"]
[BlackElo "1830"]
[PlyCount "70"]
[EventDate "1994.??.??"]

{4/(3)} 1. c4 e6 2. Nf3 f5 3. g3 Nf6 4. Bg2 d5 5. O-O c6 6. b3 Bd6 7. Bb2 O-O
8. Qc2 Qe8 9. Qc3 Nbd7 10. d3 e5 11. e3 e4 12. Ne1 Be5 13. d4 Bd6 14. c5 Bc7
15. b4 a5 16. a3 Nb8 17. Nd2 b6 18. bxa5 bxc5 19. f3 c4 20. fxe4 Nxe4 21. Nxe4
fxe4 22. Nc2 Bxa5 23. Nb4 Na6 24. Rxf8+ Qxf8 25. Bxe4 Nxb4 26. axb4 Bxb4 27.
Bxh7+ Kxh7 28. Qc2+ Bf5 29. Rxa8 Bxc2 30. Rxf8 Bxf8 31. Bc3 Kg6 32. g4 Kg5 33.
h3 Kh4 34. Kg2 Be4+ 35. Kh2 Bd6+ 0-1

[Event "Grand Rapids (MI Am/2/19)"]
[Site "?"]
[Date "1994.??.??"]
[Round "?"]
[White "Drysdale, Gilbert"]
[Black "Thompkins, N."]
[Result "1-0"]
[WhiteElo "1740"]
[BlackElo "1605"]
[PlyCount "93"]
[EventDate "1994.??.??"]

{2/(19)} 1. c4 e5 2. Nc3 Bb4 3. Nd5 Bc5 4. b4 Be7 5. Bb2 c6 6. Nxe7 Qxe7 7. Qc2
d5 8. cxd5 Bd7 9. Nf3 f6 10. e4 Nh6 11. Bc4 cxd5 12. exd5 Nf7 13. O-O O-O 14.
Bd3 h6 15. Nh4 Qxb4 16. Bh7+ Kh8 17. Ng6+ Kxh7 18. Nxf8+ Kg8 19. Ne6 Na6 20.
Qg6 Bxe6 21. dxe6 Ng5 22. Rab1 Qg4 23. Qd3 Qxe6 24. Ba3 Rb8 25. Rfc1 Nf7 26.
Rb3 e4 27. Qd4 Rd8 28. Qxa7 Rxd2 29. Rxb7 Qd5 30. Qxa6 e3 31. Rb2 Rd1+ 32. Rxd1
Qxd1+ 33. Qf1 Qd4 34. fxe3 Qxe3+ 35. Qf2 Qxa3 36. Rb8+ Kh7 37. Qf5+ g6 38. Qxf6
Qe3+ 39. Qf2 Qc1+ 40. Qf1 Qe3+ 41. Kh1 Kg7 42. Qa1+ Kh7 43. Qf1 Kg7 44. Rb7 Qe6
45. a4 h5 46. a5 h4 47. Rxf7+ 1-0

[Event "Detroit (MOR/1a/4)"]
[Site "?"]
[Date "1994.??.??"]
[Round "?"]
[White "Drysdale, Gilbert"]
[Black "Spencer, Gordon"]
[Result "1-0"]
[WhiteElo "1755"]
[BlackElo "1605"]
[PlyCount "85"]
[EventDate "1994.??.??"]

1. c4 Nf6 2. Nc3 g6 3. e4 d6 4. g3 Bg7 5. Bg2 O-O 6. Nge2 Nbd7 7. O-O c5 8. d3
a6 9. h3 Rb8 10. a4 b6 11. Rb1 Bb7 12. b4 h6 13. Be3 Kh7 14. Qd2 Ng8 15. Kh2 e5
16. f4 f6 17. g4 g5 18. f5 Ne7 19. b5 a5 20. Ng3 Rh8 21. Nh5 Nf8 22. Kg3 Bc8
23. Rh1 Kg8 24. h4 Nh7 25. hxg5 hxg5 26. Rh2 Bd7 27. Rbh1 Be8 28. Bf3 Bd7 29.
Rh3 Kf7 30. Nxg7 Kxg7 31. Qh2 Qg8 32. Rh6 Rf8 33. Nd5 Kf7 34. Rxh7+ Rxh7 35.
Qxh7+ Qg7 36. Qxg7+ Kxg7 37. Nxe7 Rh8 38. Rxh8 Kxh8 39. Nd5 Kg7 40. Nxb6 Be8
41. Bd2 Kf7 42. Bxa5 Kf8 43. Nc8 1-0

[Event "Eastpointe (US Am N/1a/12)"]
[Site "?"]
[Date "1994.??.??"]
[Round "?"]
[White "Drysdale, Gilbert"]
[Black "Smeckert, Dennis"]
[Result "1-0"]
[WhiteElo "1740"]
[BlackElo "1605"]
[PlyCount "56"]
[EventDate "1994.??.??"]

1. c4 e5 2. Nc3 g6 3. g3 Nc6 4. Bg2 Bg7 5. Qa4 a5 6. b4 Nd4 7. Rb1 c6 8. e3 Ne6
9. Nge2 Ne7 10. O-O O-O 11. Ba3 d5 12. bxa5 Re8 13. cxd5 Rxa5 14. Bxe7 Rxe7 15.
Qb4 c5 16. Qb6 Qxb6 17. Rxb6 Nd8 18. Rfb1 f5 19. R1b5 Ra6 20. Rxa6 bxa6 21. Rb8
e4 22. Rxc8 Rd7 23. Rxc5 Bf6 24. Nf4 Rb7 25. Bf1 Rb2 26. Ne6 Rxd2 27. Nxd8 Bxc3
28. Rxc3 Rxd5 1-0

[Event "Eastpointe (US Am N/5/20)"]
[Site "?"]
[Date "1994.??.??"]
[Round "?"]
[White "Drysdale, Gilbert"]
[Black "Skoda, Matt"]
[Result "1-0"]
[WhiteElo "1740"]
[BlackElo "1605"]
[PlyCount "35"]
[EventDate "1994.??.??"]

{5/(20)} 1. c4 f5 2. e4 fxe4 3. Nc3 Nf6 4. g4 h6 5. d3 d5 6. dxe4 dxe4 7. Qb3
Nxg4 8. Be2 b6 9. Qb5+ c6 10. Qh5+ Kd7 11. Bxg4+ Kc7 12. Bf4+ Kb7 13. Rd1 Bxg4
14. Qxg4 Qe8 15. Qe6 g5 16. Bxb8 Rxb8 17. Rd7+ Ka8 18. Qxc6+ 1-0

[Event "Detroit (MOR/5/10)"]
[Site "?"]
[Date "1994.??.??"]
[Round "?"]
[White "Drysdale, Gilbert"]
[Black "Raupp, Helene"]
[Result "1-0"]
[WhiteElo "1755"]
[BlackElo "1625"]
[PlyCount "47"]
[EventDate "1994.??.??"]

{5/(10)} 1. c4 f5 2. e4 fxe4 3. Nc3 Nf6 4. d3 exd3 5. Bxd3 e6 6. g4 g6 7. h4
Bb4 8. h5 gxh5 9. g5 Ng4 10. Rxh5 Ne5 11. Rxh7 Rxh7 12. Bxh7 Qe7 13. Qh5+ Qf7
14. g6 Nd3+ 15. Kd2 Qxf2+ 16. Kxd3 Qg3+ 17. Kc2 Qf2+ 18. Kb3 Nc6 19. g7+ Ke7
20. Bg5+ Kd6 21. Ne4+ Ke5 22. Nxf2 a5 23. Nf3+ Kd6 24. Ne4# 1-0

[Event "Detroit (Class B/4/3)"]
[Site "?"]
[Date "1994.??.??"]
[Round "?"]
[White "Drysdale, Gilbert"]
[Black "Munger, Larry"]
[Result "1-0"]
[WhiteElo "1765"]
[BlackElo "1705"]
[PlyCount "47"]
[EventDate "1994.??.??"]

{4/(3)} 1. c4 Nf6 2. Nc3 g6 3. g3 Bg7 4. Bg2 d6 5. e4 O-O 6. Nge2 c5 7. O-O Nc6
8. d3 Bg4 9. f3 Be6 10. Be3 Nd7 11. Qd2 Nde5 12. b3 Nd4 13. Rae1 f5 14. Nf4
fxe4 15. Bxd4 Nxf3+ 16. Bxf3 Bxd4+ 17. Kh1 Rxf4 18. gxf4 exf3 19. Rxe6 Qd7 20.
f5 Bxc3 21. Qxc3 gxf5 22. Rg1+ Kf7 23. Qg7+ Kxe6 24. Re1# 1-0

[Event "Romulus (RVO/1/26)"]
[Site "?"]
[Date "1994.??.??"]
[Round "?"]
[White "Drysdale, Gilbert"]
[Black "Martell, Raul"]
[Result "1-0"]
[WhiteElo "1755"]
[BlackElo "1605"]
[PlyCount "67"]
[EventDate "1994.??.??"]

{1/(26)} 1. c4 e5 2. Nc3 Nc6 3. g3 Bc5 4. Bg2 Nf6 5. e3 d6 6. Nge2 O-O 7. O-O
Bf5 8. d4 exd4 9. exd4 Bb6 10. a3 Qd7 11. b4 a6 12. Bg5 Qe7 13. Nd5 Qd8 14. Qd2
Be6 15. Bxf6 gxf6 16. Nxb6 cxb6 17. d5 Bg4 18. dxc6 bxc6 19. Bxc6 Rc8 20. Bd5
Re8 21. Nf4 Re7 22. Rfe1 Qd7 23. Rxe7 Qxe7 24. Re1 Qf8 25. Qe3 b5 26. cxb5 axb5
27. h3 Bf5 28. Nh5 Bxh3 29. Nxf6+ Kh8 30. Nh5 Be6 31. Qd4+ Kg8 32. Rxe6 Re8 33.
Rxe8 Qxe8 34. Qg7# 1-0

[Event "Detroit (MOR/3/16)"]
[Site "?"]
[Date "1994.??.??"]
[Round "?"]
[White "Drysdale, Gilbert"]
[Black "Griffin, John"]
[Result "1/2-1/2"]
[WhiteElo "1755"]
[BlackElo "1605"]
[PlyCount "70"]
[EventDate "1994.??.??"]

{3/(16)} 1. c4 Nf6 2. Nc3 e6 3. e4 d6 4. f4 c5 5. Nf3 Nc6 6. d4 cxd4 7. Nxd4 a6
8. Be2 Be7 9. Be3 O-O 10. Qd2 e5 11. Nc2 Ng4 12. Bxg4 Bxg4 13. f5 f6 14. h3 Bh5
15. g4 Bf7 16. Nd5 b5 17. Bb6 Qd7 18. c5 Bd8 19. a4 Ne7 20. Ncb4 Nxd5 21. Nxd5
bxa4 22. O-O Qb7 23. Rxa4 dxc5 24. Bxc5 Re8 25. Rfa1 Bc7 26. Rb4 Qc6 27. Bb6
Bxb6+ 28. Rxb6 Qc5+ 29. Qf2 Qxf2+ 30. Kxf2 Red8 31. Rbxa6 Bxd5 32. exd5 Rxa6
33. Rxa6 Rxd5 34. Ra8+ Kf7 35. Ra7+ Kf8 1/2-1/2

[Event "Detroit (Class B/2/11)"]
[Site "?"]
[Date "1994.??.??"]
[Round "?"]
[White "Drysdale, Gilbert"]
[Black "Griffin, John"]
[Result "1-0"]
[WhiteElo "1765"]
[BlackElo "1605"]
[PlyCount "63"]
[EventDate "1994.??.??"]

{2/(11)} 1. c4 Nf6 2. Nc3 e6 3. e4 Bb4 4. e5 Bxc3 5. bxc3 Ne4 6. Qg4 Ng5 7. h4
h5 8. Qxg5 Qxg5 9. hxg5 g6 10. Ba3 b6 11. Be2 Bb7 12. Bf3 Bxf3 13. Nxf3 Nc6 14.
Rh4 Na5 15. Ke2 Nb7 16. g4 O-O-O 17. Rah1 Na5 18. Be7 Rde8 19. Bf6 Rhg8 20.
gxh5 gxh5 21. d3 d5 22. cxd5 exd5 23. Rxh5 Kd7 24. Rh7 Ref8 25. R1h6 Nc6 26. g6
Nd8 27. Bxd8 Kxd8 28. gxf7 Rg4 29. Nd4 Ke7 30. Nf5+ Kd7 31. e6+ Kd8 32. e7+ 1-0

[Event "Detroit (MOR/7/4)"]
[Site "?"]
[Date "1994.??.??"]
[Round "?"]
[White "Drysdale, Gilbert"]
[Black "Falkowski, Kenneth"]
[Result "1/2-1/2"]
[WhiteElo "1755"]
[BlackElo "1700"]
[PlyCount "77"]
[EventDate "1994.??.??"]

{7/(4)} 1. c4 Nf6 2. Nc3 c6 3. Qa4 g6 4. d4 Bg7 5. Nf3 O-O 6. Bf4 d6 7. O-O-O
Bd7 8. Qb3 a5 9. e3 b5 10. cxb5 cxb5 11. Bxb5 Nc6 12. d5 Nb4 13. Bxd7 Nxd7 14.
Nd4 Rb8 15. Na4 Nc5 16. Nxc5 dxc5 17. Bxb8 cxd4 18. Bg3 Nxd5 19. exd4 Qd7 20.
Rhe1 Rc8+ 21. Kb1 Nb4 22. Qe3 Qf5+ 23. Qe4 Qb5 24. Rc1 Re8 25. Rc7 e6 26. Rec1
f5 27. Rb7 Qa4 28. Rxg7+ Kxg7 29. Qb7+ Kg8 30. a3 Nd5 31. Be5 Re7 32. Rc8+ Kf7
33. Qb8 Re8 34. Qa7+ Re7 35. Qc5 Qd1+ 36. Ka2 a4 37. Bh8 Qb3+ 38. Kb1 Qd1+ 39.
Qc1 1/2-1/2

[Event "Detroit (Class B/5/2)"]
[Site "?"]
[Date "1994.??.??"]
[Round "?"]
[White "Drysdale, Gilbert"]
[Black "Blake, J."]
[Result "0-1"]
[WhiteElo "1765"]
[BlackElo "1685"]
[PlyCount "42"]
[EventDate "1994.??.??"]

{5/(2)} 1. c4 e5 2. Nc3 f5 3. d4 e4 4. Nh3 Nf6 5. Bg5 Be7 6. e3 O-O 7. Be2 c6
8. d5 Nxd5 9. Nxd5 Bxg5 10. Nxg5 Qxg5 11. Nc7 Qxg2 12. Kd2 Qxf2 13. Qc2 f4 14.
Qxe4 f3 15. Raf1 Qxe2+ 16. Kc1 d5 17. cxd5 Bf5 18. Qa4 Qxe3+ 19. Kd1 Bd3 20.
Re1 Be2+ 21. Rxe2 fxe2+ 0-1

[Event "Romulus (RVO/3/11)"]
[Site "?"]
[Date "1994.??.??"]
[Round "?"]
[White "Drysdale, Gilbert"]
[Black "Ashton, Jeff"]
[Result "1-0"]
[WhiteElo "1755"]
[BlackElo "1605"]
[PlyCount "73"]
[EventDate "1994.??.??"]

{3/(11)} 1. c4 e5 2. Nc3 Nf6 3. Nf3 Nc6 4. g3 Be7 5. Bg2 O-O 6. O-O d6 7. d4
exd4 8. Nxd4 Ne5 9. b3 c6 10. Bb2 Bg4 11. h3 Bd7 12. Rc1 Qc8 13. Kh2 Ng6 14.
Qd2 Qc7 15. Rfd1 Ne8 16. e3 f5 17. Nce2 Nf6 18. Nf4 Nxf4 19. exf4 Ne4 20. Qc2
Bf6 21. g4 Rae8 22. g5 Bxd4 23. Bxd4 Re7 24. Be3 Rfe8 25. Qd3 Re6 26. Bxe4 fxe4
27. Qd4 c5 28. Qd2 b6 29. f5 R6e7 30. Bf4 Qc8 31. Bxd6 Rf7 32. f6 gxf6 33. gxf6
Rxf6 34. Rg1+ Kf7 35. Qd5+ Be6 36. Qh5+ Rg6 37. Qxh7+ 1-0

[Event "Detroit (MCO/Ch/6/8)"]
[Site "?"]
[Date "1994.??.??"]
[Round "?"]
[White "Drkulec, Vladimir"]
[Black "Wilson, Vester"]
[Result "0-1"]
[WhiteElo "2225"]
[BlackElo "2080"]
[PlyCount "112"]
[EventDate "1994.??.??"]

{6/(8)} 1. d4 d5 2. Nf3 c6 3. Bf4 Bf5 4. e3 e6 5. Be2 Qb6 6. Qc1 Nd7 7. O-O f6
8. c4 g5 9. Bg3 h5 10. h4 g4 11. Nfd2 Nh6 12. Nc3 Bg6 13. Bf4 Nf7 14. cxd5 exd5
15. Re1 Be7 16. Bf1 f5 17. g3 Nd8 18. Ndb1 Ne6 19. Ne2 Qd8 20. Nbc3 Bh7 21. Bg2
Bf6 22. b4 b5 23. a4 a6 24. Qc2 O-O 25. Qb3 Kh8 26. axb5 axb5 27. Rxa8 Qxa8 28.
Nxd5 cxd5 29. Bxd5 Nxf4 30. Bxa8 Nxe2+ 31. Rxe2 Rxa8 32. Qf7 Rd8 33. Qd5 Ne5
34. Qxb5 Nf3+ 35. Kf1 Rc8 36. Re1 Nxe1 37. Kxe1 Ra8 38. Qc6 Ra1+ 39. Kd2 Kg7
40. Qd7+ Kg6 41. Qe8+ Kh6 42. Qf7 Bg7 43. b5 Rb1 44. Qc7 Bf8 45. Qc6+ Bg6 46.
b6 Bb4+ 47. Kc2 f4+ 48. Qxg6+ Kxg6 49. Kxb1 fxg3 50. fxg3 Kf5 51. Kc2 Ke4 52.
b7 Bd6 53. Kd2 Bxg3 54. Ke2 Bb8 55. Kf2 g3+ 56. Ke2 Bd6 0-1

[Event "Detroit (MI Op/3/30)"]
[Site "?"]
[Date "1994.??.??"]
[Round "?"]
[White "Drkulec, Vladimir"]
[Black "Walker, Douglas"]
[Result "1/2-1/2"]
[WhiteElo "2225"]
[BlackElo "1875"]
[PlyCount "71"]
[EventDate "1994.??.??"]

{3/(30)} 1. d4 Nf6 2. c4 g6 3. Nc3 Bg7 4. e4 d6 5. f3 O-O 6. Be3 Nbd7 7. Nge2
c5 8. Qd2 Re8 9. Rc1 cxd4 10. Nxd4 Ne5 11. Be2 Bd7 12. O-O a6 13. Rfd1 Rc8 14.
b3 Qc7 15. Nd5 Nxd5 16. cxd5 Qb8 17. h3 Rxc1 18. Rxc1 f6 19. f4 Nf7 20. Bg4
Bxg4 21. hxg4 Rc8 22. Ne6 Nh6 23. g5 Nf7 24. Bd4 h6 25. gxh6 Bxh6 26. Rc3 Rxc3
27. Qxc3 Nd8 28. Qh3 Nxe6 29. Qxe6+ Kf8 30. g3 Qc7 31. Kg2 Qc2+ 32. Bf2 g5 33.
Qf5 gxf4 34. gxf4 Qxa2 35. Qc8+ Kf7 36. Qe6+ 1/2-1/2

[Event "Warren (Warmup"]
[Site "?"]
[Date "1994.??.??"]
[Round "?"]
[White "Drkulec, Vladimir"]
[Black "Walker, Douglas"]
[Result "0-1"]
[WhiteElo "2225"]
[BlackElo "1875"]
[PlyCount "126"]
[EventDate "1994.??.??"]

1. d4 Nf6 2. c4 g6 3. Nc3 Bg7 4. e4 d6 5. f3 O-O 6. Be3 Nbd7 7. Nge2 c5 8. Qd2
a6 9. d5 Re8 10. Ng3 Qc7 11. Be2 Nf8 12. Bh6 e5 13. h4 Qe7 14. h5 Bd7 15. Bg5
b6 16. Rb1 Reb8 17. b4 Bc8 18. O-O Qc7 19. b5 Bd7 20. h6 Bh8 21. f4 Ne8 22. f5
axb5 23. Nxb5 Bxb5 24. Rxb5 Ra3 25. fxg6 hxg6 26. Rb3 Rba8 27. Rbf3 Rxf3 28.
Rxf3 Nh7 29. Bd1 Qa7 30. a4 Qd7 31. Rf1 Bf6 32. Be3 Qe7 33. Qb2 Qd8 34. Qf2 Qe7
35. Qb2 Qd8 36. Bc2 Bh4 37. Ne2 Bg5 38. Bf2 Nef6 39. Rb1 Nd7 40. Nc3 Qf8 41.
Qb5 Nhf6 42. Qc6 Rc8 43. Qb7 Rb8 44. Qc6 Qxh6 45. Qxd6 Bf4 46. a5 Kg7 47. a6
Rh8 48. Kf1 Qh1+ 49. Ke2 Qxg2 50. Rg1 Qh3 51. Nb5 Qh5+ 52. Ke1 Qf3 53. Bd1
Qxe4+ 54. Be2 Qb1+ 55. Bd1 Qb4+ 56. Kf1 Qxc4+ 57. Be2 Qc1+ 58. Be1 Bd2 59. Kg2
Bxe1 60. Nc7 Qd2 61. Ne6+ fxe6 62. Qe7+ Kh6 63. Rf1 Bh4 0-1

[Event "Detroit (MEX/3/7)"]
[Site "?"]
[Date "1994.??.??"]
[Round "?"]
[White "Drkulec, Vladimir"]
[Black "Vandivier, Don"]
[Result "1-0"]
[WhiteElo "2225"]
[BlackElo "2075"]
[PlyCount "43"]
[EventDate "1994.??.??"]

{3/(7)} 1. d4 d5 2. c4 e6 3. Nc3 Nf6 4. Bg5 Be7 5. Nf3 O-O 6. e3 a6 7. cxd5
exd5 8. Bd3 Bg4 9. Qb3 Bxf3 10. gxf3 c5 11. dxc5 d4 12. Ne2 Qa5+ 13. Kf1 Qxc5
14. Rg1 Nc6 15. Rc1 Qb4 16. Bh6 Ne5 17. Qxb4 Bxb4 18. Bxg7 Nxf3 19. Bxf6+ Nxg1
20. Nxg1 dxe3 21. Rc4 Bd2 22. Rg4# 1-0

[Event "Detroit (MCO/Ch/4/4)"]
[Site "?"]
[Date "1994.??.??"]
[Round "?"]
[White "Drkulec, Vladimir"]
[Black "Tsemekhman, Vadim"]
[Result "0-1"]
[WhiteElo "2225"]
[BlackElo "2470"]
[PlyCount "72"]
[EventDate "1994.??.??"]

{4/(4)} 1. d4 Nf6 2. c4 g6 3. Nc3 Bg7 4. e4 d6 5. f3 O-O 6. Be3 c6 7. Bd3 a6 8.
Nge2 e5 9. d5 cxd5 10. cxd5 Nh5 11. Qd2 f5 12. O-O-O b5 13. Kb1 f4 14. Bf2 Nd7
15. Nc1 Bf6 16. Rhf1 Bh4 17. Bg1 Nc5 18. Bc2 Rf7 19. Nd3 Nxd3 20. Bxd3 g5 21.
Rc1 g4 22. Be2 Nf6 23. a3 gxf3 24. Bxf3 Bd7 25. Rc2 a5 26. Na2 b4 27. axb4 Ba4
28. Rc3 Rb7 29. bxa5 Rxa5 30. Ra3 Qa8 31. Qc3 Ne8 32. Rc1 Nc7 33. Be2 Bd8 34.
Qh3 Qb8 35. Ka1 Rxb2 36. Bf1 Bc2 0-1

[Event "Warren (Warmup"]
[Site "?"]
[Date "1994.??.??"]
[Round "?"]
[White "Drkulec, Vladimir"]
[Black "Toma, A."]
[Result "0-1"]
[WhiteElo "2225"]
[BlackElo "2200"]
[PlyCount "72"]
[EventDate "1994.??.??"]

1. d4 Nf6 2. c4 e6 3. Nc3 d5 4. Bg5 Be7 5. e3 O-O 6. Nf3 Nbd7 7. Bd3 c6 8. O-O
a6 9. Qe2 dxc4 10. Bxc4 b5 11. Bd3 c5 12. Rac1 Bb7 13. Rfd1 cxd4 14. Nxd4 Qb6
15. Ne4 Rfe8 16. Ng3 h6 17. Bxf6 Nxf6 18. Bb1 Red8 19. Nh5 g6 20. Ng3 e5 21.
Nf3 Rxd1+ 22. Qxd1 Rd8 23. Qe2 e4 24. Nd4 h5 25. Qc2 Rc8 26. Qd2 Rxc1+ 27. Qxc1
h4 28. Nge2 Bd6 29. g3 Be5 30. Nb3 hxg3 31. hxg3 Ng4 32. Nc3 f5 33. Qd2 Qc7 34.
Bc2 Bxg3 35. fxg3 Qxg3+ 36. Qg2 Qxg2+ 0-1

[Event "Detroit (MEX/1/4)"]
[Site "?"]
[Date "1994.??.??"]
[Round "?"]
[White "Drkulec, Vladimir"]
[Black "Sloan, Thomas"]
[Result "1-0"]
[WhiteElo "2225"]
[BlackElo "2100"]
[PlyCount "41"]
[EventDate "1994.??.??"]

{1/(4)} 1. d4 f5 2. g3 Nf6 3. Bg2 g6 4. Nf3 Bg7 5. O-O O-O 6. c4 d6 7. Nc3 Qe8
8. d5 c6 9. Re1 Na6 10. Nd4 e5 11. dxe6 Nc5 12. Bf4 Qe7 13. Nxf5 Qxe6 14. Nxg7
Qxc4 15. Qxd6 Bg4 16. Be3 Na6 17. Rad1 Kxg7 18. Bd4 Rae8 19. Ne4 Rxe4 20. Bxe4
Qxa2 21. Qe7+ 1-0

[Event "Detroit (MCO/Ch/3/8)"]
[Site "?"]
[Date "1994.??.??"]
[Round "?"]
[White "Drkulec, Vladimir"]
[Black "Moody, David"]
[Result "1-0"]
[WhiteElo "2225"]
[BlackElo "2000"]
[PlyCount "81"]
[EventDate "1994.??.??"]

{3/(8)} 1. d4 Nf6 2. c4 c5 3. d5 e6 4. Nc3 exd5 5. cxd5 d6 6. e4 g6 7. f4 Bg7
8. Bb5+ Nfd7 9. a4 O-O 10. Nf3 Na6 11. O-O Nc7 12. Bc4 Rb8 13. Re1 a6 14. Bf1
b5 15. e5 b4 16. Nb1 Nb6 17. e6 fxe6 18. dxe6 Nxe6 19. a5 Na8 20. Bxa6 Nd4 21.
Bxc8 Qxc8 22. Nxd4 Bxd4+ 23. Be3 Rxf4 24. Nd2 Bxe3+ 25. Rxe3 c4 26. Ne4 Qf5 27.
Qxd6 Rf8 28. Ng3 Qc2 29. Re2 Qb3 30. Qd5+ Kh8 31. Rf1 Rxf1+ 32. Nxf1 Qd3 33.
Qxd3 cxd3 34. Re7 Rc8 35. Rd7 Nc7 36. Rxd3 Kg7 37. Rd7+ Kh6 38. Ne3 Na6 39. h4
Rc1+ 40. Kh2 b3 41. Kg3 1-0

[Event "Detroit (WCO/2/3)"]
[Site "?"]
[Date "1994.??.??"]
[Round "?"]
[White "Drkulec, Vladimir"]
[Black "McGrath, Michael"]
[Result "1-0"]
[WhiteElo "2225"]
[BlackElo "1765"]
[PlyCount "138"]
[EventDate "1994.??.??"]

{2/(3)} 1. d4 f5 2. g3 Nf6 3. Bg2 g6 4. Nf3 Bg7 5. O-O O-O 6. c4 d6 7. Nc3 e6
8. Re1 Qe8 9. e4 fxe4 10. Nxe4 Nbd7 11. Neg5 e5 12. dxe5 Nxe5 13. Nxe5 dxe5 14.
Bd2 h6 15. Ne4 c6 16. Bc3 Nxe4 17. Bxe4 Qf7 18. Qc2 Bh3 19. Bb4 c5 20. Bxg6 Qc7
21. Bc3 Rf3 22. Be4 Rff8 23. Rad1 Kh8 24. b3 Rae8 25. Qe2 b6 26. Qh5 Qc8 27.
Rd6 Re6 28. Red1 Bg4 29. Qxg4 Rxd6 30. Qe2 Rxd1+ 31. Qxd1 Qd8 32. Qe2 Qe7 33.
f3 Qg5 34. Bd2 Qf6 35. Kg2 Rd8 36. Bc2 Qd6 37. Bc3 Qe7 38. Qe4 Bf6 39. f4 Rd4
40. Bxd4 cxd4 41. Kf3 Kg7 42. Qg6+ Kf8 43. Be4 Qg7 44. Qf5 Qe7 45. g4 Kg8 46.
Qg6+ Qg7 47. Qe8+ Qf8 48. Bd5+ Kg7 49. Qe6 Bd8 50. Be4 Qf7 51. Qxe5+ Qf6 52.
Qh5 Bc7 53. Qf5 Qxf5 54. Bxf5 Kf7 55. Ke4 Kf6 56. h4 Kf7 57. g5 hxg5 58. fxg5
d3 59. Kxd3 Bg3 60. h5 Bf4 61. g6+ Ke7 62. Ke4 Bh6 63. Kd5 Kf6 64. Bc2 Bg7 65.
Kc6 Ke5 66. Kb7 Kd4 67. Kxa7 Kc3 68. Bd1 Kb2 69. Kxb6 Bd4+ 1-0

[Event "Detroit (MI Op/1a/6)"]
[Site "?"]
[Date "1994.??.??"]
[Round "?"]
[White "Drkulec, Vladimir"]
[Black "Golonka, Stan"]
[Result "0-1"]
[WhiteElo "2225"]
[BlackElo "1935"]
[PlyCount "64"]
[EventDate "1994.??.??"]

1. d4 Nf6 2. c4 c5 3. d5 e5 4. Nc3 d6 5. e4 Be7 6. h3 Nbd7 7. Nf3 Nf8 8. g3 Bd7
9. a4 b6 10. Bg2 Qc8 11. Be3 h6 12. Qd3 a6 13. Ke2 Ng6 14. Nd2 Nh5 15. Rag1 Rb8
16. Kd1 Nhf4 17. Qf1 Nxg2 18. Qxg2 b5 19. axb5 axb5 20. f4 bxc4 21. Nxc4 Rb4
22. Na3 Qb8 23. Kc1 exf4 24. gxf4 Bf6 25. Nab1 O-O 26. e5 dxe5 27. Bxc5 Nxf4
28. Qc2 Rxb2 29. Bxf8 Rxc2+ 30. Kxc2 Bf5+ 31. Kd2 Qb2+ 32. Ke3 Kxf8 0-1

[Event "Detroit (MI Op/6/19)"]
[Site "?"]
[Date "1994.??.??"]
[Round "?"]
[White "Drkulec, Vladimir"]
[Black "Chehayeb, Sal"]
[Result "1-0"]
[WhiteElo "2225"]
[BlackElo "2015"]
[PlyCount "39"]
[EventDate "1994.??.??"]

{6/(19)} 1. d4 Nf6 2. c4 e5 3. dxe5 Ng4 4. Bf4 Bc5 5. e3 Qh4 6. Bg3 Qg5 7. Nf3
Qe7 8. a3 a5 9. Nc3 O-O 10. Nd5 Qd8 11. Bh4 f6 12. exf6 Nxf2 13. Kxf2 Qe8 14.
b4 axb4 15. axb4 Rxa1 16. Qxa1 c6 17. bxc5 cxd5 18. cxd5 d6 19. fxg7 Rf5 20.
Bg3 1-0

[Event "Detroit (WCO/5/2)"]
[Site "?"]
[Date "1994.??.??"]
[Round "?"]
[White "Drkulec, T."]
[Black "Gaiefsky, Mike"]
[Result "1-0"]
[WhiteElo "2225"]
[BlackElo "1815"]
[PlyCount "44"]
[EventDate "1994.??.??"]

{5/(2)} 1. d4 Nf6 2. c4 g6 3. Nc3 Bg7 4. e4 d6 5. f3 O-O 6. Be3 Nbd7 7. Qd2 e5
8. d5 Nh5 9. g4 Nf4 10. Nge2 g5 11. Nc1 a6 12. Rb1 Re8 13. Qf2 Ng6 14. b4 b6
15. Nb3 Nh4 16. Be2 Nf8 17. c5 Nfg6 18. cxb6 Nf4 19. Kd2 Bd7 20. b7 Rb8 21. Na5
Nxe2 22. Kxe2 Bc8 1-0

[Event "Grand Rapids (MI Am/3/35)"]
[Site "?"]
[Date "1994.??.??"]
[Round "?"]
[White "Draper, M."]
[Black "Hayes, D."]
[Result "0-1"]
[WhiteElo "1605"]
[BlackElo "1605"]
[PlyCount "32"]
[EventDate "1994.??.??"]

{3/(35)} 1. e4 e5 2. Nf3 Nc6 3. Bb5 a6 4. Ba4 Nf6 5. O-O Nxe4 6. Bxc6 dxc6 7.
Nxe5 Be7 8. Nxf7 Kxf7 9. Qf3+ Nf6 10. d3 Rf8 11. Re1 Kg8 12. Qg3 Bf5 13. Qe5
Nd5 14. c4 Bd6 15. Qd4 Nb4 16. c5 Bxh2+ 0-1

[Event "Grand Rapids (MI Am/1/14)"]
[Site "?"]
[Date "1994.??.??"]
[Round "?"]
[White "Draper, M."]
[Black "Emke, Robert"]
[Result "0-1"]
[WhiteElo "1605"]
[BlackElo "1845"]
[PlyCount "104"]
[EventDate "1994.??.??"]

{1/(14)} 1. e4 e6 2. d4 d5 3. Nc3 Bb4 4. e5 Ne7 5. f4 c5 6. Nf3 Nbc6 7. Be2 Bd7
8. O-O cxd4 9. Nxd4 Bc5 10. Be3 Nxd4 11. Bxd4 Bxd4+ 12. Qxd4 a6 13. Bd3 Nc6 14.
Qf2 Nb4 15. a3 Nxd3 16. cxd3 Rc8 17. d4 Qb6 18. Rab1 Rc4 19. Rfd1 O-O 20. Kh1
f6 21. Qe3 f5 22. b3 Rc7 23. b4 Rfc8 24. Rdc1 Rc4 25. Ne2 Rxc1+ 26. Rxc1 Rxc1+
27. Qxc1 Bc6 28. Qc5 Qb5 29. Qxb5 Bxb5 30. Nc3 Bc6 31. a4 b5 32. a5 Kf7 33. Ne2
h5 34. Nc1 Kg6 35. h4 Kf7 36. Nb3 Bd7 37. Nc5 Bc8 38. g3 g6 39. Kg2 Ke7 40. Kh3
Kf7 41. Nb3 Ke7 42. Nd2 Kf7 43. Nf3 Kg7 44. Kg2 Kf7 45. Kf2 Kg7 46. Nh2 Kf7 47.
Kf3 Kg7 48. Nf1 Kf7 49. Ne3 Kg7 50. g4 hxg4+ 51. Nxg4 fxg4+ 52. Kxg4 Kh6 0-1

[Event "Eastpointe (EDO/3/3)"]
[Site "?"]
[Date "1994.??.??"]
[Round "?"]
[White "Dowling, Jo"]
[Black "Moody, David"]
[Result "1-0"]
[WhiteElo "2195"]
[BlackElo "2000"]
[PlyCount "67"]
[EventDate "1994.??.??"]

{3/(3)} 1. d4 Nf6 2. Nc3 e6 3. e4 d5 4. Bg5 Be7 5. e5 Nfd7 6. Bxe7 Qxe7 7. f4
c5 8. Nb5 O-O 9. Nc7 cxd4 10. Nxa8 Qb4+ 11. Qd2 Qxb2 12. Rd1 Nc6 13. Nf3 Nc5
14. Bd3 Bd7 15. O-O Rxa8 16. Qf2 Nxd3 17. cxd3 Qxf2+ 18. Rxf2 f6 19. exf6 gxf6
20. h3 Kf7 21. g4 h6 22. Kg2 Ke7 23. Kg3 e5 24. fxe5 fxe5 25. Re1 Kd6 26. Nh4
Nb4 27. Rf6+ Ke7 28. Rxh6 Nxd3 29. Ng6+ Kd8 30. Rh8+ Kc7 31. Rxa8 Nxe1 32. Nxe5
Bb5 33. Nf3 d3 34. Nd2 1-0

[Event "Eastpointe (US Am N/4/1)"]
[Site "?"]
[Date "1994.??.??"]
[Round "?"]
[White "Dowling, Jo"]
[Black "Moody, David"]
[Result "1-0"]
[WhiteElo "2195"]
[BlackElo "2045"]
[PlyCount "65"]
[EventDate "1994.??.??"]

{4/(1)} 1. d4 Nf6 2. Nc3 g6 3. e4 d6 4. Nf3 Bg7 5. Be2 O-O 6. h3 c6 7. a4 Qc7
8. Be3 Nbd7 9. Qd2 e5 10. dxe5 Nxe5 11. Rd1 Be6 12. Qxd6 Qxd6 13. Rxd6 Nc4 14.
Bxc4 Bxc4 15. Bg5 Nxe4 16. Nxe4 Rfe8 17. Nfd2 Bd5 18. f3 f5 19. c4 Bf7 20. b3
fxe4 21. Nxe4 Be5 22. Rd3 b5 23. axb5 cxb5 24. c5 a5 25. Kf2 Rec8 26. Bf6 Bxf6
27. Nxf6+ Kg7 28. Ne4 b4 29. Rc1 a4 30. bxa4 Rxa4 31. Rd7 Ra2+ 32. Kg3 b3 33.
Rxf7+ 1-0